000 02513cam a22004454i 4500
003 PE-LiUPU
005 20250731165426.0
008 160203s2014 pe a rm 000 0 spa d
035 _a(Sirsi) a155898
040 _aPE-LiUPU
_bspa
_cPE-LiUPU
_erda
099 _aTPS 2
_bM22 2014
100 1 _aMamani Benito, Oscar Javier
_eautor
245 1 _aRasgos de personalidad y actitud hacia la elaboración de tesis en estudiantes del cuarto año de psicología de la Universidad Peruana Unión - Filial Juliaca, año 2012 /
_cOscar Javier Mamani Benito.
264 0 _c2014.
300 _a99 hojas
_c30 cm
336 _atext
_2rdacontent
337 _aunmediated
_2rdamedia
338 _avolume
_2rdacarrier
502 _aTesis
_b(Lic.) --
_cUniversidad Peruana Unión,
_d2014.
504 _aIncluye referencias
520 3 _aEl ejercicio de la investigación científica en la educación superior es el eje fundamental para la formación integral de futuros profesionales, es por eso que la actitud hacia la misma por parte de los estudiantes viene a ser un indicador sobre la calidad de la educación superior; sin embargo, la actitud no es innata sino que surge por un proceso de formación en la que está implicada la personalidad de cada individuo. El presente trabajo de investigación titulado "Rasgos de personalidad y actitud hacia la elaboración de tesis en estudiantes del cuarto año de psicología de la Universidad Peruana Unión - Filial Juliaca, año 2012", tiene como objetivo general determinar la relación que existe entre los rasgos de personalidad y actitud hacia la elaboración de tesis en estudiantes del cuarto de psicología de la Universidad Peruana Unión - Filial Juliaca, año 2012. El tipo de estudio es cuantitativo, nivel descriptivo correlacional, diseño de corte transversal. Como población de estudio: 39 estudiantes del cuarto año de psicología de la Universidad Peruana Unión - Filial Juliaca, año 2012.
526 _aSEG44
526 _aSEG26
526 _aP151
526 _aP150
526 _aP149
526 _aP146
526 _aP145
526 _aP126
526 _aP125
526 _aP92
526 _aP75
526 _aP74
526 _aP27
526 _aP15
650 0 4 _aUniversitarios
_xPersonalidad
_xInvestigación
_vTesis.
596 _a1
942 _2ddc
_cTESIS
999 _aTPS 2 M22 2014
_wALPHANUM
_c8574
_iT01496
_lCCODEBUL3
_mBUL
_r1
_sY
_tTESIS
_u2016-2-3
_xSALUD
_PP33
_o.STAFF. Tesis
_d8574
980 _81
_gALBERTO SANCHEZ Responsable de Automatización